[Event "Dnipro Chess Federation Head Cup-GM			"]
[Site "Dnipro"]
[Date "2019.12.16"]
[Round "1"]
[White "	Grinev Valeriy	 	(UKR)"]
[Black "	Maximov Dmitry (UKR)	"]
[Result "1-0"]
[WhiteElo "2492"]
[BlackElo "2482"]
[Annotator ""]
[Source ""]
[Remark ""]

1.d4 Nf6 2.c4 g6 3.Nc3 Bg7 4.e4 O-O 5.Nf3 d6 6.Be2 e5 7.O-O Nc6
8.d5 Ne7 9.b4 a5 10.Ba3 axb4 11.Bxb4 Nd7 12.a4 Bh6 13.Bd3 f5
14.a5 Kh8 15.Nd2 Nf6 16.c5 fxe4 17.cxd6 cxd6 18.Ndxe4 Ne8 19.Bb5
Nf5 20.Bxe8 Rxe8 21.Nb5 Qh4 22.Qd3 Bf4 23.h3 Bd7 24.Nbxd6 Nd4
25.Bc5 Rf8 26.Bxd4 exd4 27.Qxd4+ Kg8 28.Qd3 Qe7 29.Nxb7 Be5 30.Rab1
Kh8 31.Nbc5 Bf5 32.d6 Qh4 33.Qd5 Bg7 34.a6 Rae8 35.a7 Bxh3 36.gxh3
Qxh3 37.Rb3 Qh4 38.Qg5 Rxe4 39.Nxe4 Qxe4 40.Rb8 1-0

[Event "Dnipro Chess Federation Head Cup-GM			"]
[Site "Dnipro"]
[Date "2019.12.16"]
[Round "1"]
[White "	Babiy Igor		 (UKR)"]
[Black "	Andreev Eduard 		(UKR)"]
[Result "1/2-1/2"]
[WhiteElo "2254"]
[BlackElo "2440"]
[Annotator ""]
[Source ""]
[Remark ""]

1.Nf3 c5 2.c4 Nc6 3.Nc3 g6 4.g3 Bg7 5.Bg2 e5 6.O-O d6 7.a3 a5
8.Ne1 Be6 9.d3 Nge7 10.Nc2 d5 11.cxd5 Nxd5 12.Ne3 Nde7 13.Nc4
O-O 14.Bg5 f6 15.Be3 b6 16.Qa4 Qc7 17.f4 1/2-1/2

[Event "Dnipro Chess Federation Head Cup-GM			"]
[Site "Dnipro"]
[Date "2019.12.16"]
[Round "1"]
[White "	Bets Anatolij	 	(MDA)"]
[Black "Pavlov Sergey (UKR)"]
[Result "1/2-1/2"]
[WhiteElo "2244"]
[BlackElo "2492"]
[Annotator ""]
[Source ""]
[Remark ""]

1.d4 Nf6 2.c4 e6 3.Nf3 d5 4.Nc3 dxc4 5.Qa4+ c6 6.Qxc4 b5 7.Qb3
Nbd7 8.g3 b4 9.Na4 c5 10.Bg2 Bb7 11.Nxc5 Nxc5 12.dxc5 Bxc5 13.Be3
Bd5 14.Qa4+ Qd7 15.Qxd7+ Nxd7 16.Bxc5 Nxc5 17.O-O Ke7 18.Ne5
Bxg2 1/2-1/2

[Event "Dnipro Chess Federation Head Cup-GM			"]
[Site "Dnipro"]
[Date "2019.12.16"]
[Round "1"]
[White "	Vedmediuc Serghei	 	(MDA)"]
[Black "	Suleymenov Alisher	 	(KAZ)"]
[Result "1-0"]
[WhiteElo "2445"]
[BlackElo "2373"]
[Annotator ""]
[Source ""]
[Remark ""]

1.e4 c5 2.Nf3 d6 3.Bb5+ Nc6 4.O-O Bd7 5.Re1 Nf6 6.c3 a6 7.Bf1
Bg4 8.d4 cxd4 9.cxd4 Bxf3 10.gxf3 e5 11.d5 Nb8 12.f4 Be7 13.fxe5
dxe5 14.Nd2 O-O 15.Nf3 Re8 16.Bd2 Bc5 17.b4 Ba7 18.Bh3 Nbd7 19.Rc1
Nf8 20.Qc2 Nh5 21.Bg4 Nf6 22.Bh3 Nh5 23.Bg4 Nf6 24.Bf5 g6 25.Bh3
Nh5 26.Bg5 Qb6 27.Qc5 Nf4 28.Bf1 Nd7 29.Qxb6 Bxb6 30.Bxf4 exf4
31.e5 Rac8 32.Rc4 Kg7 33.d6 Rxc4 34.Bxc4 g5 35.e6 fxe6 36.Rxe6
Rxe6 37.Bxe6 Nf8 38.Bc8 Kf6 39.Nd2 Bd8 40.Bxb7 a5 41.bxa5 Bxa5
42.Nc4 Bb4 43.a4 Ke6 44.a5 Bc5 45.a6 g4 46.Kf1 h5 47.Ke2 h4 48.Nd2
Ba7 49.Ne4 Ke5 50.Nc3 Ne6 51.Nb5 Bb6 52.d7 f3+ 53.Kf1 Nd8 54.Bc8
Kd5 55.a7 Bxa7 56.Nxa7 Kc5 57.Ba6 Kb6 58.Bd3 Kxa7 59.Bf5 Kb6
60.Bxg4 Kc7 61.Ke1 Nf7 62.Kd2 Ne5 63.Bh3 Kd8 64.Ke3 Ke7 65.Kf4
Nf7 66.Bg4 Kf6 67.Bxf3 Nd8 68.Bg4 Nc6 69.Bh3 Kg6 70.Bg2 Nd8 71.Ke5
Kf7 72.Kd6 Kf6 73.Bd5 h3 74.f3 1-0

[Event "Dnipro Chess Federation Head Cup-GM			"]
[Site "Dnipro"]
[Date "2019.12.16"]
[Round "1"]
[White "	Yelisieiev Yevhenii		(UKR)"]
[Black "	Kislinsky Alexey 		(CZE)"]
[Result "1-0"]
[WhiteElo "2403"]
[BlackElo "2460"]
[Annotator ""]
[Source ""]
[Remark ""]

1.d4 Nf6 2.Nf3 g6 3.g3 c5 4.Bg2 cxd4 5.Nxd4 Bg7 6.c4 Nc6 7.Nc3
O-O 8.O-O Qa5 9.Nb3 Qh5 10.e4 d6 11.Qxh5 Nxh5 12.Rd1 Bg4 13.f3
Be6 14.Nd5 Rfc8 15.Rb1 Kf8 16.Be3 b6 17.Nc1 Rab8 18.b3 Nf6 19.Ne2
Nd7 20.Nef4 Nc5 21.Nxe6+ fxe6 22.Nf4 Kf7 23.Bh3 Nd8 24.Rbc1 a5
25.Ne2 Bb2 26.Rc2 Ba3 27.Nd4 Nd7 28.Nb5 Bc5 29.Kf2 Nc6 30.f4
Bxe3+ 31.Kxe3 Nc5 32.Rf2 Kf6 33.e5+ dxe5 34.fxe5+ Kg7 35.Nd4
Nxd4 36.Rxd4 Rf8 37.Rdf4 Rxf4 38.gxf4 Rd8 39.Rd2 Rxd2 40.Kxd2
g5 41.fxg5 Kg6 42.Kc3 Kxg5 43.b4 axb4+ 44.Kxb4 Kf4 45.Kb5 Kxe5
46.Kxb6 Kd6 47.Kb5 e5 48.a4 e4 49.a5 e3 50.Bg4 Nd7 51.a6 Kc7
52.c5 Ne5 53.Be2 Nc6 54.Kc4 Na5+ 55.Kc3 Kb8 56.Kd3 Nb3 57.c6
e5 58.Kxe3 Nd4 59.Bf3 Ne6 60.Bd5 Nc7 61.Bc4 Ka7 62.Ke4 Kb6 63.Kxe5
Kxc6 64.Kf6 Kc5 65.Be2 Kd4 66.h4 Ke3 67.Bc4 Kd4 68.Bf1 h5 69.Kg6 1-0

[Event "Dnipro Chess Federation Head Cup-GM			"]
[Site "Dnipro"]
[Date "2019.12.17"]
[Round "2"]
[White "	Maximov Dmitry (UKR)	"]
[Black "	Kislinsky Alexey 		(CZE)"]
[Result "1-0"]
[WhiteElo "2482"]
[BlackElo "2460"]
[Annotator ""]
[Source ""]
[Remark ""]

1.e4 c5 2.Nf3 Nc6 3.Bb5 Nf6 4.Bxc6 dxc6 5.d3 Bg4 6.h3 Bh5 7.Nbd2
Nd7 8.Nc4 f6 9.Ne3 Qc7 10.Qe2 e5 11.h4 O-O-O 12.Bd2 Bd6 13.g4
Bf7 14.Nf5 Rhg8 15.h5 Nf8 16.g5 Ne6 17.O-O-O Rge8 18.h6 g6 19.Ng7
Nxg7 20.hxg7 f5 21.Rxh7 Bg8 22.Rh6 Qf7 23.Bc3 Qxa2 24.Rxg6 Bc7
25.Rf6 c4 26.Ne1 Ba5 27.Rxf5 b5 28.Bxa5 Qxa5 29.Qe3 b4 30.Kd2
b3+ 31.c3 Qa2 32.Ke2 Qxb2+ 33.Kf3 Qa3 34.Rf6 Kb7 35.Kg2 Rd7 36.Nf3
Rxg7 37.d4 exd4 38.Qxd4 Rge7 39.Rd6 Rc7 40.Rd7 Re7 41.Rxc7+ Rxc7
42.Ne5 Qa5 43.Qd6 b2 44.Rb1 Qxc3 45.Nd7 Qg7 46.Nc5+ Kc8 47.f4
c3 48.Qd3 Qf8 49.Qh3+ Kb8 50.Qxc3 Ka8 51.Qxb2 Bc4 52.Qe5 Qd8
53.Rd1 Qb8 54.f5 a5 55.g6 Qb6 56.g7 Ka7 57.Rb1 1-0

[Event "Dnipro Chess Federation Head Cup-GM			"]
[Site "Dnipro"]
[Date "2019.12.17"]
[Round "2"]
[White "	Suleymenov Alisher	 	(KAZ)"]
[Black "	Yelisieiev Yevhenii		(UKR)"]
[Result "1/2-1/2"]
[WhiteElo "2373"]
[BlackElo "2403"]
[Annotator ""]
[Source ""]
[Remark ""]

1.d4 d5 2.c4 e6 3.Nf3 Nf6 4.Nc3 Bb4 5.e3 O-O 6.Bd2 b6 7.cxd5
exd5 8.Bd3 Bb7 9.O-O Nbd7 10.Ne5 c5 11.a3 Bxc3 12.Bxc3 Ne4 13.Bxe4
dxe4 14.Nxd7 Qxd7 15.dxc5 Qxd1 16.Rfxd1 bxc5 17.Rd7 Bc6 18.Rd6
Ba4 19.Ra6 Bb3 20.Ra5 Rfc8 21.f3 exf3 22.gxf3 Rc6 23.Kf2 a6 24.Rc1
Rac8 25.e4 f6 26.e5 Kf7 27.exf6 gxf6 28.Re1 Re8 29.Rxe8 Kxe8
30.Bd2 Kd7 31.Be3 Kd6 32.Kg3 Kd5 33.Kg4 Kc4 34.h4 Bd1 35.Kf4
Be2 36.Bf2 Bd1 37.Kg4 Be2 38.Kf4 1/2-1/2

[Event "Dnipro Chess Federation Head Cup-GM			"]
[Site "Dnipro"]
[Date "2019.12.17"]
[Round "2"]
[White "Pavlov Sergey (UKR)"]
[Black "	Vedmediuc Serghei	 	(MDA)"]
[Result "1/2-1/2"]
[WhiteElo "2492"]
[BlackElo "2445"]
[Annotator ""]
[Source ""]
[Remark ""]

1.c4 e5 2.Nc3 Nf6 3.Nf3 Nc6 4.e3 g6 5.d4 exd4 6.exd4 Bg7 7.d5
Ne7 8.d6 cxd6 9.Qxd6 O-O 10.Bd3 Ne8 11.Qa3 d5 12.Bg5 Bf6 13.O-O
Bg4 14.Rfe1 Bxf3 15.Bxf6 Nxf6 16.Rxe7 dxc4 17.Bxc4 Qd4 18.Rxf7
Qxc4 19.Rxf8+ Rxf8 20.gxf3 Qc6 21.Ne2 Rd8 22.Qb3+ Kg7 23.Rc1
Qd7 24.Nf4 Re8 25.Qc3 Re7 26.Re1 Rxe1+ 27.Qxe1 Kf7 28.Qe3 b6
29.Qb3+ Ke7 30.Kg2 Qf5 31.Qa3+ Ke8 32.Qa4+ Kd8 33.Qd4+ Ke7 34.Ne2
Qe6 35.Nc3 Kf7 36.b3 Qf5 37.Ne4 Nxe4 38.fxe4 Qg4+ 39.Kf1 Qh3+
40.Ke2 Qh5+ 41.Ke3 Qh6+ 42.Ke2 Qh5+ 43.Ke3 Qh6+ 44.Ke2 Qh5+ 1/2-1/2

[Event "Dnipro Chess Federation Head Cup-GM			"]
[Site "Dnipro"]
[Date "2019.12.17"]
[Round "2"]
[White "	Andreev Eduard 		(UKR)"]
[Black "	Bets Anatolij	 	(MDA)"]
[Result "1/2-1/2"]
[WhiteElo "2440"]
[BlackElo "2244"]
[Annotator ""]
[Source ""]
[Remark ""]

1.e4 c6 2.d4 d5 3.e5 Bf5 4.Nf3 e6 5.Be2 Nd7 6.O-O Ne7 7.Nh4 Be4
8.Nd2 c5 9.Nxe4 dxe4 10.c3 Nc6 11.g3 cxd4 12.cxd4 Nb6 13.Bb5
Rc8 14.Ng2 a6 15.Bxc6+ Rxc6 16.Be3 Nd5 17.Qg4 f5 18.exf6 Nxf6
19.Qe2 Be7 20.Rac1 Rxc1 21.Rxc1 Kf7 22.h4 h6 23.Rc4 Bd6 24.Bf4
Bxf4 25.Nxf4 Re8 26.Nh5 Qd5 27.Nf4 Qd6 28.Qc2 Re7 29.h5 b5 30.Rc8
Qxd4 31.Ng6 Re8 1/2-1/2

[Event "Dnipro Chess Federation Head Cup-GM			"]
[Site "Dnipro"]
[Date "2019.12.17"]
[Round "2"]
[White "	Grinev Valeriy	 	(UKR)"]
[Black "	Babiy Igor		 (UKR)"]
[Result "1/2-1/2"]
[WhiteElo "2441"]
[BlackElo "2254"]
[Annotator ""]
[Source ""]
[Remark ""]

1.d4 d5 2.c4 c6 3.Nf3 dxc4 4.a4 Nf6 5.Nc3 e6 6.e3 c5 7.Bxc4 Nc6
8.O-O Be7 9.Qe2 cxd4 10.Rd1 O-O 11.Nxd4 Nxd4 12.exd4 Nd5 13.Qf3
Nxc3 14.bxc3 Qc7 15.Bd3 Bd7 16.Bf4 Qc8 17.c4 Bf6 18.a5 Qc6 19.Be4
Qxc4 20.a6 Bc6 21.axb7 Bxe4 22.Qxe4 Rad8 23.b8Q Rxb8 24.Bxb8
Rxb8 25.Rxa7 g6 26.Qf4 Qb3 27.Rc1 Kg7 28.g3 Rb7 29.Rxb7 Qxb7
30.Rd1 Qd5 31.Rd3 g5 32.Qg4 Kg6 33.Qd1 h5 34.h3 Bg7 35.Kh2 Bf6
36.Qh1 Qf5 37.Qf1 Qd5 38.Qg2 Qf5 39.Rd2 h4 40.d5 hxg3+ 41.fxg3
exd5 42.Qxd5 Qc8 43.Rf2 Qc3 44.Kg2 Kg7 45.Qf3 Qd4 46.Qf5 Qc3
47.Rc2 Qd4 48.Ra2 Qe3 49.Qd5 Be5 50.Qf3 Qd4 51.Rf2 Bf6 52.g4
Qe5 53.Qf5 Qe7 54.Kf1 Qd8 55.Qe4 Qd1+ 56.Kg2 Qd6 57.Qc4 Qe7 58.Rf5
Qb7+ 59.Qd5 Qe7 60.Qf3 Qd8 61.h4 gxh4 62.g5 Bxg5 63.Rxf7+ Kg8
64.Qb3 1/2-1/2

[Event "Dnipro Chess Federation Head Cup-GM			"]
[Site "Dnipro"]
[Date "2019.12.18"]
[Round "3"]
[White "	Babiy Igor		 (UKR)"]
[Black "	Maximov Dmitry (UKR)	"]
[Result "0-1"]
[WhiteElo "2254"]
[BlackElo "2482"]
[Annotator ""]
[Source ""]
[Remark ""]

1.Nf3 c5 2.c4 Nc6 3.Nc3 g6 4.g3 Bg7 5.Bg2 Nf6 6.O-O O-O 7.d3
d6 8.a3 Qd7 9.Rb1 b6 10.b4 Bb7 11.Bd2 Nd8 12.Qc1 Re8 13.Nb5 Ne6
14.bxc5 Nxc5 15.Bh6 Bh8 16.Rd1 Rec8 17.Qg5 Ne6 18.Qh4 Rc5 19.Ng5
Bxg2 20.Kxg2 Nxg5 21.Bxg5 h6 22.Bxf6 Bxf6 23.Qe4 d5 24.Qf3 Rac8
25.d4 Rxc4 26.Rb3 Bg7 27.Rdd3 e6 28.e3 a6 29.Nc3 b5 30.h4 a5
31.Nxb5 Rb8 32.a4 Rxa4 33.Na3 Rc8 34.Qd1 Bf8 35.h5 g5 36.Qb1
Rb4 37.Rxb4 Bxb4 38.Nc2 Bf8 39.Rb3 a4 40.Rb7 Qc6 41.Ne1 a3 42.Rb3
Qc1 43.Nd3 Qd2 44.Nc5 a2 45.Qa1 Rxc5 0-1

[Event "Dnipro Chess Federation Head Cup-GM			"]
[Site "Dnipro"]
[Date "2019.12.18"]
[Round "3"]
[White "	Bets Anatolij	 	(MDA)"]
[Black "	Grinev Valeriy	 	(UKR)"]
[Result "1/2-1/2"]
[WhiteElo "2244"]
[BlackElo "2441"]
[Annotator ""]
[Source ""]
[Remark ""]

1.d4 Nf6 2.c4 g6 3.Nc3 d5 4.cxd5 Nxd5 5.e4 Nxc3 6.bxc3 Bg7 7.Bc4
c5 8.Ne2 Nc6 9.Be3 O-O 10.O-O b6 11.Qd2 cxd4 12.cxd4 Bb7 13.Rac1
e6 14.Rfd1 Rc8 15.Bh6 Bxh6 16.Qxh6 Na5 17.Bd3 Qd6 18.h4 Qa3 19.Nf4
Rxc1 20.Nh5 Rxd1+ 21.Kh2 gxh5 22.Qg5+ Kh8 1/2-1/2

[Event "Dnipro Chess Federation Head Cup-GM			"]
[Site "Dnipro"]
[Date "2019.12.18"]
[Round "3"]
[White "	Vedmediuc Serghei	 	(MDA)"]
[Black "	Andreev Eduard 		(UKR)"]
[Result "1-0"]
[WhiteElo "2445"]
[BlackElo "2440"]
[Annotator ""]
[Source ""]
[Remark ""]

1.d4 Nf6 2.c4 g6 3.Nc3 Bg7 4.e4 O-O 5.Nf3 d6 6.Be2 Bg4 7.Be3
Nfd7 8.Ng1 Bxe2 9.Ngxe2 e5 10.O-O exd4 11.Nxd4 Nc6 12.f3 Nc5
13.Qd2 Nxd4 14.Bxd4 c6 15.Bxg7 Kxg7 16.Rad1 Qb6 17.Rf2 Rad8 18.b3
a5 19.h4 h5 20.g3 Rfe8 21.Kg2 Qb4 22.Nb1 Re6 23.Qd4+ Kg8 24.Rb2
Qb6 25.Nc3 Qb4 26.Nb1 Qb6 27.a3 Ree8 28.Nc3 Qc7 29.Ne2 Qe7 30.b4
axb4 31.axb4 Ne6 32.Qc3 Ra8 33.Rbd2 Red8 34.Ra1 Qf8 35.Rxa8 Rxa8
36.Nf4 Qe7 37.Nxe6 Qxe6 38.c5 dxc5 39.bxc5 Ra2 40.Qd4 Rxd2+ 41.Qxd2
Qc4 42.Qe3 Qc2+ 43.Kh3 Qd1 44.g4 hxg4+ 45.fxg4 Kg7 46.Kg3 Kg8
47.g5 Kh7 48.Kf4 Qh1 49.Ke5 Kg7 50.Kd6 Qxh4 51.Qd4+ Kg8 52.Qe5
Qe1 53.Ke7 Qb4 54.Qb8+ Kh7 55.Kxf7 Qc4+ 56.Kf6 Qd4+ 57.Qe5 Qf2+
58.Ke6 Qf8 59.Qd6 Qg8+ 60.Kd7 Qc4 61.e5 Qg4+ 62.e6 Qxg5 63.Qe7+ 1-0

[Event "Dnipro Chess Federation Head Cup-GM			"]
[Site "Dnipro"]
[Date "2019.12.18"]
[Round "3"]
[White "	Yelisieiev Yevhenii		(UKR)"]
[Black "Pavlov Sergey (UKR)"]
[Result "0-1"]
[WhiteElo "2403"]
[BlackElo "2492"]
[Annotator ""]
[Source ""]
[Remark ""]

1.d4 d5 2.c4 e6 3.Nf3 Nf6 4.Nc3 dxc4 5.e4 Bb4 6.Bg5 h6 7.Bxf6
Qxf6 8.Bxc4 c5 9.O-O cxd4 10.e5 Qd8 11.Ne4 O-O 12.Qe2 Be7 13.Rfd1
Qb6 14.g4 Bd7 15.g5 Bc6 16.gxh6 Nd7 17.hxg7 Kxg7 18.Ng3 Bxf3
19.Qxf3 Nxe5 20.Nh5+ Kh8 21.Qf4 Rg8+ 22.Ng3 Rg5 23.Bf1 Kg8 24.Bg2
Rd8 25.Qe4 Ng6 26.Rd2 f5 27.Qc2 Nh4 28.Bh1 f4 29.Qc4 fxg3 30.hxg3
Nf5 31.Re1 Ng7 32.Re4 Qc5 33.Qb3 d3 34.Re3 Re5 35.Be4 Bg5 36.Rdxd3
Rxd3 37.Qxd3 Bxe3 38.Qd8+ Kf7 39.Qd7+ Qe7 40.Bg6+ Kf6 41.Qd3
Bxf2+ 42.Kxf2 Qc5+ 43.Kf1 Qe3 0-1

[Event "Dnipro Chess Federation Head Cup-GM			"]
[Site "Dnipro"]
[Date "2019.12.18"]
[Round "3"]
[White "	Kislinsky Alexey 		(CZE)"]
[Black "	Suleymenov Alisher	 	(KAZ)"]
[Result "1/2-1/2"]
[WhiteElo "2460"]
[BlackElo "2373"]
[Annotator ""]
[Source ""]
[Remark ""]

1.e4 c5 2.c3 d5 3.exd5 Qxd5 4.d4 Nf6 5.Nf3 Bg4 6.Nbd2 Nc6 7.Bc4
Bxf3 8.Qb3 Na5 9.Qb5+ Qd7 10.Nxf3 Nxc4 11.Qxc4 cxd4 12.Nxd4 e6
13.Bg5 Rc8 14.Qe2 Qd5 15.Bxf6 gxf6 16.O-O-O Qc4 17.Rhe1 Bh6+
18.Kc2 Qxe2+ 19.Rxe2 O-O 20.g3 Rfd8 21.f4 Kg7 22.Red2 Kg6 23.Rd3
Rd5 24.a4 Re8 25.b4 e5 26.f5+ Kg7 27.Ne2 Rxd3 28.Rxd3 Re7 29.Rd6
e4 30.g4 Bg5 31.Ng3 Kh6 32.Rd4 e3 33.Kd1 e2+ 34.Nxe2 Be3 35.Rd8
Kg5 36.h3 Kh4 37.Rd3 h6 38.Nd4 Bf2 39.Kd2 Be1+ 40.Kc2 Bg3 41.Kd2
Be1+ 42.Kd1 Bg3 43.Ne2 Bf2 44.Nf4 Bg3 45.Ne2 Bf2 46.Kd2 a5 47.bxa5
Re4 48.Nd4 Be1+ 49.Kd1 Bg3 50.c4 Re1+ 51.Kc2 Kxh3 52.Kd2 Ra1
53.Ne2 Ra2+ 1/2-1/2

[Event "Dnipro Chess Federation Head Cup-GM			"]
[Site "Dnipro"]
[Date "2019.12.18"]
[Round "4"]
[White "	Maximov Dmitry (UKR)	"]
[Black "	Suleymenov Alisher	 	(KAZ)"]
[Result "1-0"]
[WhiteElo "2482"]
[BlackElo "2373"]
[Annotator ""]
[Source ""]
[Remark ""]

1.e4 e6 2.d4 d5 3.e5 c5 4.c3 Nc6 5.Nf3 Qb6 6.a3 Nh6 7.b4 cxd4
8.cxd4 Nf5 9.Be3 f6 10.exf6 gxf6 11.Qd2 Bd7 12.Bd3 Nxe3 13.Qxe3
Bg7 14.Nc3 O-O 15.O-O Rae8 16.Rfe1 Qd8 17.Rad1 a6 18.Bb1 Re7
19.Qf4 Be8 20.Re3 Bh5 21.Qh4 Qe8 22.Ne2 h6 23.Nf4 Bf7 24.Qg3
Qc8 25.Nh4 Rc7 26.h3 Nxd4 27.Nxd5 exd5 28.Rxd4 Rc1+ 29.Kh2 Qc7
30.Rf4 Re8 31.Nf5 Be6 32.Qg6 Kf8 33.g3 Qf7 34.Nxg7 1-0

[Event "Dnipro Chess Federation Head Cup-GM			"]
[Site "Dnipro"]
[Date "2019.12.18"]
[Round "4"]
[White "Pavlov Sergey (UKR)"]
[Black "	Kislinsky Alexey 		(CZE)"]
[Result "1/2-1/2"]
[WhiteElo "2492"]
[BlackElo "2460"]
[Annotator ""]
[Source ""]
[Remark ""]

1.Nf3 g6 2.c4 Bg7 3.d4 c5 4.e4 Qa5+ 5.Nc3 Nf6 6.Bd2 cxd4 7.Nxd4
Nc6 8.Nb3 Qd8 9.Be2 O-O 10.O-O d6 11.Be3 a5 12.Rc1 a4 13.Nd2
a3 14.b3 Nb4 15.f3 Be6 16.Ndb1 Qa5 17.Qd2 Nd7 18.Na4 Nc5 19.Nbc3
Rfc8 20.Rfd1 Nba6 21.Bf1 1/2-1/2

[Event "Dnipro Chess Federation Head Cup-GM			"]
[Site "Dnipro"]
[Date "2019.12.18"]
[Round "4"]
[White "	Grinev Valeriy	 	(UKR)"]
[Black "	Vedmediuc Serghei	 	(MDA)"]
[Result "1/2-1/2"]
[WhiteElo "2441"]
[BlackElo "2445"]
[Annotator ""]
[Source ""]
[Remark ""]

1.d4 Nf6 2.c4 e6 3.Nc3 Bb4 4.e3 O-O 5.Bd2 b6 6.Bd3 Bb7 7.Nf3
d5 8.cxd5 exd5 9.Rc1 a6 10.O-O Nbd7 11.Ne5 Nxe5 12.dxe5 Nd7 13.f4
Nc5 14.Bb1 Bxc3 15.Bxc3 Ne4 16.Bxe4 dxe4 17.Qg4 Qd3 18.e6 f6
19.e7 Rf7 20.Rfd1 Qxe3+ 21.Kf1 Re8 22.Bd4 h5 23.Qh4 g5 24.Bxe3
gxh4 25.Rxc7 Rexe7 26.Rxe7 Rxe7 27.Rd6 Kf7 28.Rxb6 Bd5 29.b3
Re6 30.Rb4 Rc6 31.Ra4 h3 32.gxh3 Be6 33.Rxe4 Bxh3+ 34.Kf2 Rc2+
35.Kg3 Bf1 36.f5 Rg2+ 37.Kf3 Rxa2 38.Rd4 Ra5 39.Kg3 Rxf5 40.Rf4
Rxf4 41.Kxf4 1/2-1/2

[Event "Dnipro Chess Federation Head Cup-GM			"]
[Site "Dnipro"]
[Date "2019.12.18"]
[Round "?"]
[White "	Babiy Igor		 (UKR)"]
[Black "	Bets Anatolij	 	(MDA)"]
[Result "1/2-1/2"]
[WhiteElo "2254"]
[BlackElo "2244"]
[Annotator ""]
[Source ""]
[Remark ""]

1.Nf3 Nf6 2.c4 e6 3.g3 d5 4.Bg2 Be7 5.O-O O-O 6.d4 dxc4 7.Qc2
a6 8.a4 Bd7 9.Rd1 Bc6 10.Nc3 Bxf3 11.Bxf3 Nc6 12.Bxc6 bxc6 13.a5
Rb8 14.Ra4 Rb4 15.Na2 Rxa4 16.Qxa4 Qd5 17.Nc3 Qh5 18.Qxc6 Ng4
19.h4 Qxa5 20.Qxc4 Nf6 21.Bg5 h6 22.Bxf6 Bxf6 23.b4 Qb6 24.Ne4
Be7 25.Ra1 Qxb4 1/2-1/2

[Event "Dnipro Chess Federation Head Cup-GM			"]
[Site "Dnipro"]
[Date "2019.12.19"]
[Round "5"]
[White "	Bets Anatolij	 	(MDA)"]
[Black "	Maximov Dmitry (UKR)	"]
[Result "0-1"]
[WhiteElo "2244"]
[BlackElo "2482"]
[Annotator ""]
[Source ""]
[Remark ""]

1.d4 Nf6 2.c4 g6 3.Nc3 Bg7 4.e4 O-O 5.Nf3 d6 6.Be2 e5 7.O-O Nc6
8.d5 Ne7 9.b4 Ne8 10.c5 f5 11.Ng5 h6 12.cxd6 Nxd6 13.Ne6 Bxe6
14.dxe6 fxe4 15.Be3 Nef5 16.Qd5 c6 17.Qb3 Kh7 18.Bc5 Nd4 19.Qb2
b6 20.Bxd6 Qxd6 21.Nxe4 Qxe6 22.Rad1 a5 23.bxa5 Rxa5 24.Bd3 c5
25.Bb1 Rb5 26.Qa3 Qc6 27.Rfe1 Rf4 28.f3 Rb4 29.Rc1 Qb5 30.Ng3
Rb2 31.Qa7 Qc6 32.Be4 Qe6 33.Nh5 Rf7 0-1

[Event "Dnipro Chess Federation Head Cup-GM			"]
[Site "Dnipro"]
[Date "2019.12.19"]
[Round "5"]
[White "	Vedmediuc Serghei	 	(MDA)"]
[Black "	Babiy Igor		 (UKR)"]
[Result "1-0"]
[WhiteElo "2445"]
[BlackElo "2254"]
[Annotator ""]
[Source ""]
[Remark ""]

1.Nf3 d5 2.d3 Nf6 3.g3 c6 4.Bg2 Bg4 5.Nbd2 Nbd7 6.O-O e5 7.h3
Bh5 8.e4 dxe4 9.dxe4 Bc5 10.Qe1 Bxf3 11.Bxf3 O-O 12.Nc4 a5 13.a4
Qc7 14.Bd2 b6 15.Bc3 Rfe8 16.Rd1 Nf8 17.Kg2 Re7 18.Rd3 N6d7 19.Ne3
Bxe3 20.Rxe3 Nc5 21.b3 Nfe6 22.Bb2 Nd4 23.Bd1 Rd7 24.Ba3 Na6
25.c3 Ne6 26.Bg4 Re8 27.Qe2 Qb7 28.Rd1 Nac5 29.Rxd7 Nxd7 30.Rd3
Nf6 31.Bf5 Nc5 32.Rd6 Qc7 33.Bxc5 bxc5 34.Qd2 Kf8 35.Rd3 g6 36.Bg4
Nxe4 37.Qe3 Nf6 38.Qxc5+ Kg7 39.Rd6 Ne4 40.Rxc6 Nxc5 41.Rxc7
Nxb3 42.Kf1 h5 43.Bd1 Nd2+ 44.Ke2 Rd8 45.Bc2 Kf6 46.Rc6+ Ke7
47.Rc5 e4 48.Rxa5 f5 49.Ra7+ Kf6 50.h4 Nf3 51.Bb3 g5 52.Ra6+
Kg7 53.hxg5 Nxg5 54.Ra5 Kf6 55.Rd5 Rc8 56.c4 Nf3 57.a5 Rb8 58.Bc2
Ra8 59.Ke3 Ne5 60.Bb3 Ra6 61.Rb5 1-0

[Event "Dnipro Chess Federation Head Cup-GM			"]
[Site "Dnipro"]
[Date "2019.12.19"]
[Round "5"]
[White "	Yelisieiev Yevhenii		(UKR)"]
[Black "	Grinev Valeriy	 	(UKR)"]
[Result "0-1"]
[WhiteElo "2403"]
[BlackElo "2441"]
[Annotator ""]
[Source ""]
[Remark ""]

1.d4 d5 2.Nf3 Nf6 3.c4 e6 4.Nc3 Be7 5.Bg5 h6 6.Bh4 O-O 7.e3 b6
8.cxd5 Nxd5 9.Bxe7 Qxe7 10.Nxd5 exd5 11.Bd3 Be6 12.O-O c5 13.dxc5
bxc5 14.Rc1 Nd7 15.Qa4 a5 16.Rfe1 Rfb8 17.Bb5 Nf6 18.Ne5 Qd6
19.Nf3 Qb6 20.Bf1 Ne4 21.Re2 Ra7 22.Ne5 Qd6 23.Nd3 c4 24.Nf4
d4 25.Nxe6 d3 26.Nd4 dxe2 27.Bxe2 Rab7 28.Bf3 Nc5 29.Qxc4 Rxb2
30.g3 Ne6 31.Nc6 R8b5 32.Rd1 Rb1 33.Rxb1 Rxb1+ 34.Kg2 Rb2 35.Bd5
a4 36.e4 a3 37.Nd4 Nxd4 38.Qxd4 Qb6 39.Qxb6 Rxb6 40.Kf3 Kf8 41.Ke3
f6 42.f4 Rb2 43.h4 Rg2 44.Kf3 Rc2 45.Kg4 Rc3 46.h5 Re3 47.Kh3
Ke7 48.Kg2 Kd6 49.Kf2 Rc3 50.Bg8 Kc5 51.e5 fxe5 52.fxe5 Kd4 53.e6
Rc7 54.Kf3 Ke5 55.Ke3 Kf6 56.Kd3 Ke7 57.g4 Rb7 58.Kc2 Rb2+ 59.Kc3
Rxa2 60.Kb3 Rg2 61.Kxa3 Rxg4 62.Kb3 g5 63.Kc3 Rf4 64.Kd3 g4 65.Ke3
Rf6 66.Bh7 g3 67.Be4 Rxe6 68.Kf3 Rxe4 0-1

[Event "Dnipro Chess Federation Head Cup-GM			"]
[Site "Dnipro"]
[Date "2019.12.19"]
[Round "5"]
[White "	Suleymenov Alisher	 	(KAZ)"]
[Black "Pavlov Sergey (UKR)"]
[Result "1/2-1/2"]
[WhiteElo "2373"]
[BlackElo "2492"]
[Annotator ""]
[Source ""]
[Remark ""]

1.d4 d5 2.c4 e6 3.Nc3 Bb4 4.a3 Bxc3+ 5.bxc3 c5 6.cxd5 exd5 7.e3
Nc6 8.Bd3 Nge7 9.Qh5 c4 10.Bc2 g6 11.Qd1 Bf5 12.Ne2 Qd7 13.O-O
O-O 14.f3 Bxc2 15.Qxc2 f5 16.Bd2 Rae8 17.Ng3 Nc8 18.e4 Nd6 19.Bh6
Rf7 20.e5 Nb5 1/2-1/2

[Event "Dnipro Chess Federation Head Cup-GM			"]
[Site "Dnipro"]
[Date "2019.12.20"]
[Round "7"]
[White "	Maximov Dmitry (UKR)	"]
[Black "Pavlov Sergey (UKR)"]
[Result "1-0"]
[WhiteElo "2482"]
[BlackElo "2492"]
[Annotator ""]
[Source ""]
[Remark ""]

1.e4 e5 2.Nf3 Nc6 3.Bb5 a6 4.Ba4 b5 5.Bb3 g6 6.d4 exd4 7.c3 Bg7
8.cxd4 Nge7 9.Nc3 O-O 10.O-O d6 11.h3 Na5 12.Bc2 c5 13.Bg5 h6
14.Bh4 g5 15.Bg3 Nc4 16.Rb1 f5 17.exf5 Bxf5 18.Re1 Bxc2 19.Qxc2
cxd4 20.Ne2 Nf5 21.Rbd1 d3 22.Rxd3 Nxb2 23.Rd5 Rc8 24.Qb1 Rc5
25.Rxf5 Rcxf5 26.Nfd4 Qf6 27.Qxb2 Rxf2 28.Qb3+ Kh8 29.Kh2 Rf1
30.Rxf1 Qxf1 31.Qe6 Qd1 32.Bxd6 Rf1 33.Qe8+ Kh7 34.Qe4+ Kh8 35.Ng3
Bxd4 36.Nxf1 Bg7 37.Qa8+ Kh7 38.Qxa6 Qxf1 39.a4 Qf2 40.Qxb5 Bd4
41.Qd7+ 1-0

[Event "Dnipro Chess Federation Head Cup-GM			"]
[Site "Dnipro"]
[Date "2019.12.20"]
[Round "7"]
[White "	Andreev Eduard 		(UKR)"]
[Black "	Suleymenov Alisher	 	(KAZ)"]
[Result "0-1"]
[WhiteElo "2440"]
[BlackElo "2373"]
[Annotator ""]
[Source ""]
[Remark ""]

1.e4 e6 2.d4 d5 3.e5 c5 4.c3 Nc6 5.Nf3 Qb6 6.a3 Nh6 7.b4 cxd4
8.Bxh6 gxh6 9.cxd4 Bd7 10.Ra2 Rg8 11.h3 Be7 12.g3 f6 13.b5 Na5
14.Bd3 fxe5 15.dxe5 O-O-O 16.Nc3 Nc4 17.Bxc4 dxc4 18.Qe2 Qa5
19.Rc2 Bxb5 20.O-O Bc6 21.Qxc4 Qc5 22.Qxc5 Bxc5 23.Ne4 Bb6 24.Rfc1
Kb8 25.Rxc6 bxc6 26.Rxc6 Rge8 27.Nd6 Re7 28.Rc3 Rc7 29.Rb3 Ka8
30.Nd2 Rc2 31.Rd3 Rf8 32.N6c4 Rc1+ 0-1

[Event "Dnipro Chess Federation Head Cup-GM			"]
[Site "Dnipro"]
[Date "2019.12.20"]
[Round "7"]
[White "	Grinev Valeriy	 	(UKR)"]
[Black "	Kislinsky Alexey 		(CZE)"]
[Result "1-0"]
[WhiteElo "2441"]
[BlackElo "2460"]
[Annotator ""]
[Source ""]
[Remark ""]

1.d4 Nf6 2.c4 g6 3.Nc3 Bg7 4.e4 d6 5.Nf3 O-O 6.Be2 e5 7.O-O Nc6
8.d5 Ne7 9.b4 Ne8 10.c5 f5 11.a4 Nf6 12.Nd2 f4 13.Nc4 g5 14.Nb5
Nxe4 15.f3 a6 16.Nxc7 Nc3 17.Qe1 Nxe2+ 18.Qxe2 Qxc7 19.cxd6 Qd8
20.dxe7 Qxe7 21.Bb2 Re8 22.d6 Qe6 23.Nb6 Rb8 24.Rfd1 Rd8 25.Rac1
Bd7 26.Rc7 Be8 27.Rxg7+ Kxg7 28.Qxe5+ Qxe5 29.Bxe5+ 1-0

[Event "Dnipro Chess Federation Head Cup-GM			"]
[Site "Dnipro"]
[Date "2019.12.20"]
[Round "7"]
[White "	Babiy Igor		 (UKR)"]
[Black "	Yelisieiev Yevhenii		(UKR)"]
[Result "0-1"]
[WhiteElo "2254"]
[BlackElo "2403"]
[Annotator ""]
[Source ""]
[Remark ""]

1.Nf3 d5 2.c4 e6 3.g3 Nf6 4.Bg2 c6 5.O-O dxc4 6.a4 a5 7.Qc2 Be7
8.Na3 Na6 9.Nxc4 O-O 10.Rd1 Nb4 11.Qb1 b5 12.Nfe5 bxc4 0-1